| 000 | 01414nam a2200289 a 4500 | ||
|---|---|---|---|
| 999 |
_c1614 _d1614 |
||
| 001 | 1628813 | ||
| 003 | CoMeUDC | ||
| 005 | 20230117091235.0 | ||
| 008 | 190625s2018 cl gr 000 0 spa d | ||
| 020 | _a9789563923391 | ||
| 040 |
_aCO-BoBLA _bspa _cCO-UdeC |
||
| 082 | 0 | 4 |
_a340 _bR896 |
| 100 |
_aRubio Correa, Marcial Antonio _d1948- _92179 |
||
| 245 | 1 | 0 |
_aManual de razonamiento jurídico : _bpensar, escribir y convencer: un método para abogados / _cMarcial Antonio Rubio Correa. |
| 260 |
_aSantiago de Chile : _bEdiciones Olejnik ; _aLima : _bPontificia Universidad Católica del Perú, _c2018. |
||
| 300 |
_a231 p. ; _c23 cm. |
||
| 440 |
_92180 _aBiblioteca de filosofía del derecho |
||
| 504 | _aIncluye referencias bibliográficas. | ||
| 505 | _aLa invención y la argumentación -- De nuestro interés inicial en el trabajo y la determinación de los hechos -- El tema del trabajo y sus problemas -- La argumentación -- Los problemas, los argumentos y el tema de nuestro trabajo -- El esquema y la redacción del trabajo escrito -- La importancia de tomar nuestro trabajo como fenómeno de comunicación -- La redacción final | ||
| 546 | _aEspañol. | ||
| 650 | 0 |
_aLógica _92182 _xDerecho |
|
| 650 | 0 |
_aRazonamiento del derecho _92181 |
|
| 650 | 0 |
_aFilosofía del derecho _9542 |
|
| 650 | 0 |
_aArgumentación jurídica. _91076 |
|
| 650 | 0 |
_aComunicación en derecho _92183 |
|
| 942 |
_2ddc _cBK |
||